<?xml version="1.0" encoding="UTF-8"?>
<marc:record xmlns:marc="http://www.loc.gov/MARC21/slim">
   <marc:leader>00000nam a2200000 a 4500</marc:leader>
   <marc:datafield ind1="1" ind2=" " tag="100">
      <marc:subfield code="a">Schulz, Hermann</marc:subfield>
      <marc:subfield code="4">ctb</marc:subfield>
      <marc:subfield code="e">Mitwirkende/-r</marc:subfield>
   </marc:datafield>
   <marc:datafield ind1="1" ind2=" " tag="100">
      <marc:subfield code="a">Rehrl, Tristan</marc:subfield>
      <marc:subfield code="4">ctb</marc:subfield>
      <marc:subfield code="e">Mitwirkende/-r</marc:subfield>
   </marc:datafield>
   <marc:datafield ind1="1" ind2=" " tag="100">
      <marc:subfield code="a">Berger, Birgitta</marc:subfield>
      <marc:subfield code="4">ctb</marc:subfield>
      <marc:subfield code="e">Mitwirkende/-r</marc:subfield>
   </marc:datafield>
   <marc:datafield ind1="1" ind2=" " tag="100">
      <marc:subfield code="a">Buddeberg-Mosz, Justyna</marc:subfield>
      <marc:subfield code="4">ctb</marc:subfield>
      <marc:subfield code="e">Mitwirkende/-r</marc:subfield>
   </marc:datafield>
   <marc:datafield ind1=" " ind2=" " tag="653">
      <marc:subfield code="a">CD</marc:subfield>
   </marc:datafield>
   <marc:datafield ind1="0" ind2="0" tag="245">
      <marc:subfield code="a">Wenn dich ein Löwe nach der Uhrzeit fragt</marc:subfield>
   </marc:datafield>
   <marc:datafield ind1="0" ind2="0" tag="245">
      <marc:subfield code="c">Hermann Schulz. Gesprochen von Tristan Rehrl. Bearb.: Birgitta Berger und Justyna Buddeberg-Mosz. Regie: Justyna Buddeberg-Mosz. Bayerischer Rundfunk</marc:subfield>
   </marc:datafield>
   <marc:datafield ind1=" " ind2="1" tag="264">
      <marc:subfield code="a">Hamburg</marc:subfield>
      <marc:subfield code="b">Hörcompany</marc:subfield>
      <marc:subfield code="c">2004</marc:subfield>
   </marc:datafield>
   <marc:datafield ind1="1" ind2=" " tag="520">
      <marc:subfield code="a">Wenn Dich ein Löwe nach der Uhrzeit fragt ...So sagt man in Afrika wenn Gefahr droht - oder es schon zu spät ist. Temeo ist zwölf Jahre alt und lebt in Afrika. Wenn er nicht zur Schule geht, muss er seiner Mutter beim Hühnerrupfen helfen. Die beiden Heuschrecken, so nennt Temeo seine jüngeren Schwestern, treiben sich derweil irgendwo herum. Eines Tages wird Temeos Vater, ein deutscher Geologe, schwer verletzt nach Hause gebracht. Der Arzt für den Vater ist teuer. Temeos afrikanische Mutter Masiti schickt ihren Sohn los. Er soll Geld leihen, bei allen möglichen Leuten. Temeo läuft. Fünfundzwanzig Kilometer. Zu Fuß. Besser als Hühnerrupfen denkt er sich...</marc:subfield>
   </marc:datafield>
   <marc:datafield ind1=" " ind2=" " tag="020">
      <marc:subfield code="a">9783935036559</marc:subfield>
      <marc:subfield code="9">9783935036559</marc:subfield>
   </marc:datafield>
   <marc:datafield ind1=" " ind2=" " tag="020">
      <marc:subfield code="a">3935036558</marc:subfield>
      <marc:subfield code="9">3935036558</marc:subfield>
   </marc:datafield>
   <marc:datafield ind1=" " ind2=" " tag="300">
      <marc:subfield code="a">2 CDs</marc:subfield>
   </marc:datafield>
</marc:record>
